| 000 | 00758cam a22002292 4500 | ||
|---|---|---|---|
| 001 | 0000023570 | ||
| 005 | 20151217152244.0 | ||
| 008 | 130228s xx 000 0 eng d | ||
| 020 | _a1841136233 : | ||
| 040 |
_aKABU _cKABU |
||
| 245 | 1 | 0 |
_aLuhmann on law and politics : _bcritical appraisals and applications / _cedited by Michael King and Chris Thornhill. |
| 250 | _a1st ed. | ||
| 260 |
_aOxford : _bHart Publishing, _c2006. |
||
| 300 | _avii, 253 p. | ||
| 600 | 1 | 0 |
_aLuhmann, Niklas, _d1927-1998. _@0000183041 |
| 650 | 0 |
_aLaw _xPolitical aspects. _@0000183042 |
|
| 700 | 1 |
_aKing, Michael. _@0000183043 |
|
| 700 | 1 |
_aThornhill, Chris. _@0000167745 |
|
| 852 | 1 | _9p6235 KES | |
| 908 | _a130228 | ||
| 950 | _@1 | ||
| 999 |
_c9870 _d9870 |
||